| 000 | 00768 a2200169 4500 | ||
|---|---|---|---|
| 003 | Nust | ||
| 005 | 20221027182139.0 | ||
| 040 | _cNust | ||
| 082 | _a621.31,KOT | ||
| 100 |
_aKothari, D. P. _974459 |
||
| 245 |
_aPower system optimization / _cD. P. Kothari and J. S. Dhillon |
||
| 260 |
_aNew Delhi _bPrentice Hall _c2004 |
||
| 300 | _a572 p. | ||
| 505 | _aIntroduction (Page-1-7), Load Flow Studies (Page-8-130), Economic Load Dispatch of Thermal Generating Units (Page-131-244), Optimal Hydrothermal Scheduling (Page-245-320), Multiobjective Generation Scheduling (Page-321-386), Stochastic Multiobjective Generation Scheduling (Page-387-500), Evolutionary Programming for Generation Scheduling (Page-501-532). | ||
| 650 |
_aOptimization _956563 |
||
| 942 |
_2ddc _cBK |
||
| 999 |
_c178421 _d178421 |
||